Loading...
| Religion | 0 | 4 | 0 | 0 | 40 | 78 | 80.50 | 0 | 2 | 9.17 | 17.78 |
| History - World | 0 | 4 | 0 | 1 | 40 | 45 | 64.25 | 0 | 0 | 15.78 | 13.33 |
| History - European | 0 | 3 | 0 | 0 | 30 | 38 | 57.33 | 1 | 2 | 13.54 | 17.78 |
| Literature - European | 0 | 2 | 0 | 1 | 20 | 103 | 109.00 | 0 | 0 | 0.00 | 2.22 |
| Literature - American | 0 | 1 | 0 | 0 | 10 | 112 | 112.00 | 0 | 0 | 0.51 | 1.11 |
| Social Science | 0 | 1 | 0 | 1 | 10 | 110 | 110.00 | 0 | 0 | 0.00 | 1.59 |
| Fine Arts - Other | 0 | 1 | 0 | 0 | 10 | 103 | 103.00 | 0 | 0 | 0.96 | 5.56 |
| Geography | 0 | 1 | 0 | 0 | 10 | 119 | 119.00 | 0 | 0 | 0.00 | 4.44 |
| History - Other | 0 | 1 | 0 | 0 | 10 | 77 | 77.00 | 0 | 0 | 3.30 | 2.22 |
| Science - Physics | 0 | 1 | 0 | 1 | 10 | 108 | 108.00 | 0 | 0 | 0.00 | 2.22 |
| Current Events | 0 | 1 | 0 | 0 | 10 | 90 | 90.00 | 0 | 0 | 4.17 | 8.33 |
| History - American | 0 | 1 | 1 | 0 | 5 | 75 | 75.00 | 0 | 0 | 2.79 | 4.44 |
| Philosophy | 0 | 0 | 1 | 0 | -5 | 0.00 | 0 | 0 | 0.00 | 0.00 |